Films de Steven Spielberg - Mort subite - Statistiques

Statistiques générales
  • Ce quiz a été pris 89 fois
  • Le résultat moyen est 7 sur 14
Answers on the Grid
Answers color-coded by a green-red scale on the quiz's grid according to % correct below.
L'Étrange Histoire de Benjamin Button
Les Aventuriers de l'arche perdue
Pacific Rim
Munich
Les Aventures de Tintin : Le Secret de La Licorne
Le Pôle express
Les Dents de la mer, 2e partie
La Liste de Schindler
Il faut sauver le soldat Ryan
Apocalypse Now
Indiana Jones et le Temple maudit
Les Dents de la mer
Arrête-moi si tu peux
Indiana Jones et le Cadran de la destinée
Hugo Cabret
Rencontres du troisième type
Lincoln
2001, l'Odyssée de l'espace
Alien
The Fabelmans
Terminator
Jurassic Park
Retour vers le futur
Mars Attacks!
E.T., l'extra-terrestre
The Machinist
Platoon
Pentagon Papers
 
Statistiques - réponses
Réponse % Correct
Les Aventuriers de l'arche perdue
71%
La Liste de Schindler
63%
Les Dents de la mer
61%
Il faut sauver le soldat Ryan
56%
Les Aventures de Tintin : Le Secret de La Licorne
56%
E.T., l'extra-terrestre
53%
Indiana Jones et le Temple maudit
50%
Arrête-moi si tu peux
48%
Jurassic Park
48%
Munich
42%
Rencontres du troisième type
42%
The Fabelmans
31%
Lincoln
24%
Pentagon Papers
24%
Aucun quiz correspondant
Distribution des résultats
% des personnes avec chaque résultat
Percentile par nombre de réponses
Votre historique - résultats
Vous n’avez pas pris ce quiz